Color Index : Over 1100 Color Combinations : CMYK and RGB Formulas : For Print and Web Media /

Guardado en:
Bibliografiske detaljer
Hovedforfatter: Krause, Jim (autor)
Format: Bog
Sprog:engelsk
Udgivet: Cincinnati, EUA : How Design Books, 2002, c2002
Serier:(Index Library)
Fag:
Tags: Tilføj Tag
Ingen Tags, Vær først til at tagge denne postø!

MARC

LEADER 00000nam^a2200000^a^4500
001 000187122
005 20250521000000.0
009 20260310102250.955
020 |a 1-58180-236-6 
037 |a Acervo ITESO - Biblioteca 
041 |a ING 
082 |a 701. 8  |b KRA 
100 |a Krause, Jim  |e (autor) 
245 1 0 |a Color Index :  |b Over 1100 Color Combinations : CMYK and RGB Formulas : For Print and Web Media /  |c J. Krause. 
264 4 |a Cincinnati, EUA :  |b How Design Books,  |c 2002, c2002 
300 |a 357 p. 
336 |a texto  |b txt  |2 rdacontenido 
337 |a sin mediación  |b n  |2 rdamedio 
338 |a volumen  |b nc  |2 rdasoporte 
440 1 |a (Index Library) 
649 |a XX 
650 |a Creatividad 
650 |a Color -  |x Tema Principal 
650 |a Páginas en Línea -  |x Diseño y Construcción 
650 |a Diseño Asistido por Computadora 
650 |a Diseño Editorial 
650 |a Diseño Gráfico 
650 |a Comunicación Visual 
910 |a Fondo General 
920 |a Impresos - Libros 
930 |a Obras de Referencia 
905 |a 102 
901 |a 0500129068  |b IT2  |c REF  |i C105606  |u 20250521 
901 |a 0500129071  |b IT2  |c REF  |i C165608  |u 20250521 
902 |a https://opac.biblio.iteso.mx/vufind/Record/000187122